000 00602cam a22002171 4500
001 ca 36000618
003 DLC
005 20260227111141.0
008 790723s1935 mau 000 0 eng
010 _aca 36000618
035 _a(OCoLC)5200522
040 _aDLC
_cOCl
_dDLC
042 _apremarc
050 0 0 _aPN4305.N6
_bK427
082 _a791.1
100 1 _aKaser, Arthur LeRoy,
_d1890-
245 1 0 _aSewing circle minstrels;
_ba first-part for ladies,
_cby Roy Lee [pseud.]
260 _aBoston,
_bWalter H. Baker company
_c[c1935]
300 _a23 p.
_c19 cm.
490 0 _aBaker's specialties
999 _c18110
_d18110